Versión preliminar del anteproyecto de ley de creación de la Junta del Algodón /

Uloženo v:
Podrobná bibliografie
Hlavní autor: Acuña, José Joaquín
Další autoři: Matarrita, Alexis
Médium: Text
Vydáno: San José: OPSA
Tagy: Přidat tag
Žádné tagy, Buďte první, kdo vytvoří štítek k tomuto záznamu!

MARC

LEADER 00000 a a2200000 04500
001 15324
003
040
090 |a 026100  
100 |a Acuña, José Joaquín  
245 |a Versión preliminar del anteproyecto de ley de creación de la Junta del Algodón /  |c José Joaquín Acuña 
260 |a San José:   |b OPSA  
300 |a 10 p.  
700 |a Matarrita, Alexis  
999 |c 14253  |d 14253